Loading...
| Current Events | 2 | 20.00 | 100% | 100% | 0% |
| Fine Arts - Classical Music | 4 | 17.50 | 75% | 75% | 25% |
| Fine Arts - Other | 5 | 18.00 | 80% | 100% | 0% |
| Fine Arts - Painting and Sculpture | 7 | 20.00 | 100% | 71% | 29% |
| Geography | 1 | 20.00 | 100% | 100% | 0% |
| History - American | 5 | 20.00 | 100% | 80% | 20% |
| History - European | 7 | 21.43 | 100% | 71% | 43% |
| History - Other | 5 | 22.00 | 100% | 100% | 20% |
| History - World | 4 | 25.00 | 100% | 100% | 50% |
| Literature - American | 8 | 23.75 | 100% | 100% | 38% |
| Literature - British | 5 | 18.00 | 100% | 80% | 0% |
| Literature - European | 7 | 24.29 | 100% | 100% | 43% |
| Literature - World | 6 | 21.67 | 100% | 100% | 17% |
| Mythology | 7 | 20.00 | 86% | 86% | 29% |
| Other Academic | 1 | 30.00 | 100% | 100% | 100% |
| Philosophy | 5 | 24.00 | 100% | 80% | 60% |
| Pop Culture | 1 | 20.00 | 100% | 100% | 0% |
| Religion | 8 | 20.00 | 100% | 75% | 25% |
| Science - Biology | 5 | 12.00 | 100% | 20% | 0% |
| Science - Chemistry | 6 | 15.00 | 100% | 50% | 0% |
| Science - Other | 5 | 14.00 | 100% | 20% | 20% |
| Science - Physics | 4 | 15.00 | 100% | 50% | 0% |
| Social Science | 4 | 20.00 | 100% | 75% | 25% |